Elf Quiz - Statistics

General Stats
  • This quiz has been taken 341 times
  • The average score is 9 of 15
Answer Stats
Hint Answer % Correct
What is the title character's name? Buddy
99%
How many levels of the candy cane forest did the main character travel through? 7
76%
What are the 4 main elf food groups? Candy,Candy Cane, Candy Corn, and Syrup
76%
What animal hoped the main character found his dad? Narwhal
70%
Who plays the main character? Will Ferrell
67%
Where does Santa's sleigh crash? Central Park
66%
Where does the main character think the "angry elf" must come from? The South Pole
66%
The best way to spread christmas cheer... is singing loud for all to hear.
65%
Who was the main character's brother? Michael
57%
What does the fake Santa smell like? Beef and Cheese
54%
Who was the main character's mother? Susan Wells
54%
What vegetable is self-conscious about the way their pee smells? Asparagus
51%
When does Santa come to town in the department store? 10:00 am
45%
What is a terrible elf insult? Cotton-headed Ninnymuggins
39%
What do the lights in the elevator look like? A Christmas Tree
30%
No matching quizzes found
Score Distribution
Percent of People with Each Score
Percentile by Number Answered
Your Score History
You have not taken this quiz